Online Catalogue and eLibrary

Praja sanwardana vyapruthi : (Record no. 1797)

MARC details
000 -LEADER
fixed length control field 00542nam a2200181Ia 4500
005 - DATE AND TIME OF LATEST TRANSACTION
control field 20250521034439.0
008 - FIXED-LENGTH DATA ELEMENTS--GENERAL INFORMATION
fixed length control field 240331s9999 xx 000 0 und d
020 ## - INTERNATIONAL STANDARD BOOK NUMBER
ISBN 9559089005
082 ## - DDC Classification
Item Number - Author Mark GAJ
Class No. 305
100 ## - MAIN ENTRY--PERSONAL NAME
Personal name Gajanayake, J
245 #0 - TITLE STATEMENT
Title Praja sanwardana vyapruthi :
Remainder of title salasum kirima kiriyathmaka kirima agayeema -pilibenda athpotha
260 ## - PUBLICATION, DISTRIBUTION, ETC.
Place of publication, distribution, etc. Colombo
Name of publisher, distributor, etc. National Association for Community Development & Education
Date of publication, distribution, etc. 1990
300 ## - PHYSICAL DESCRIPTION
Extent (e.g. Volumes, Pages etc.) 79 p .,
650 ## - SUBJECT ADDED ENTRY--TOPICAL TERM
Topical term or geographic name entry element Planning
650 ## - SUBJECT ADDED ENTRY--TOPICAL TERM
Topical term or geographic name entry element Implementation
650 ## - SUBJECT ADDED ENTRY--TOPICAL TERM
Topical term or geographic name entry element Evaluation
942 ## - Koha item type (Biblio)
Koha item type Books in Stacks (Lending)
Holdings
Lost status Damaged status Collection code Home library Current library Shelving location Date acquired Full call number Accession Number Item type
    Lending WERC Library WERC Library Social Science Cupboard 03/31/2024 305.402 GAJ 3366 Books in Stacks (Lending)

© WERC Library